[Event "Challenge"]
[Site "http://www.queenalice.com/game.php?id=823816"]
[Date "2010.8.26"]
[Round "-"]
[White "pikachu01"]
[Black "chesterbra"]
[Result "1-0"]
[WhiteElo "1827"]
[BlackElo "1745"]

1. b3 d5 2. Bb2 Nf6 3. Nf3 c5 4. e3 e6 5. Bb5+ Nc6 6. Ne5 Qd6 7. f4 a6 8. Bxc6+
bxc6 9. Nc3 d4 10. Na4 Rb8 11. O-O g6 12. Qf3 Qd5 13. Nxc6 Rb7 14. Qxd5 Nxd5 15.
exd4 Bh6 16. dxc5 O-O 17. Be5 Re8 18. c4 Nc7 19. Nb6 g5 20. Nxc8 Bf8 21. Nd6
Bxd6 22. cxd6 Rb6 23. d7 Rxc6 24. Bxc7 Rxc7 25. dxe8=Q+ Kg7 26. fxg5 h5 27.
Rxf7+ Rxf7 28. Qxf7+ Kxf7 29. c5 Ke7 30. Rc1 a5 31. c6 Kd6 32. c7 Kd5 33. c8=Q
Kd4 34. Qd7+ Ke5 35. Rc5+ Kf4 36. Qd4# 1-0

[Event "Challenge"]
[Site "http://www.queenalice.com/game.php?id=828034"]
[Date "2010.9.4"]
[Round "-"]
[White "pikachu01"]
[Black "marcos94"]
[Result "1-0"]
[WhiteElo "1728"]
[BlackElo "1899"]

1. e4 c5 2. c3 Nf6 3. e5 Nd5 4. d4 cxd4 5. Nf3 Nc6 6. Bc4 Nb6 7. Bb3 d5 8. exd6
e6 9. cxd4 Bxd6 10. Nc3 O-O 11. Bg5 Be7 12. Bxe7 Qxe7 13. Qe2 Rd8 14. Rd1 h6 15.
O-O a6 16. Rfe1 Qb4 17. Qd3 Na5 18. Bc2 g6 19. Ne5 Qe7 20. Re3 Nd5 21. Nxd5 Rxd5
22. Rg3 Nc6 23. Nxg6 fxg6 24. Qxg6+ 1-0

[Event "AUTO-ADV-1927"]
[Site "http://www.queenalice.com/game.php?id=842975"]
[Date "2010.10.7"]
[Round "1"]
[White "Blutigeroo"]
[Black "pikachu01"]
[Result "0-1"]
[WhiteElo "1828"]
[BlackElo "1840"]

1. g3 d5 2. Bg2 Nf6 3. Nf3 g6 4. O-O c6 5. d4 Bg7 6. Bf4 Nbd7 7. Re1 O-O 8. a4
Nh5 9. Be3 e5 10. dxe5 Nxe5 11. Nxe5 Bxe5 12. c3 Nf6 13. a5 Qe7 14. Nd2 Be6 15.
a6 b6 16. f4 Ng4 17. Bxb6 Bxf4 18. gxf4 axb6 19. Qb3 Qc5+ 20. e3 Nxe3 21. Qa3
Nc2+ 22. Qxc5 bxc5 23. c4 Nxe1 24. Rxe1 Rxa6 25. Nb3 Rb6 26. Nxc5 Rxb2 0-1

[Event "AUTO-ADV-1927"]
[Site "http://www.queenalice.com/game.php?id=842976"]
[Date "2010.10.7"]
[Round "1"]
[White "pikachu01"]
[Black "Blutigeroo"]
[Result "1-0"]
[WhiteElo "1809"]
[BlackElo "1867"]

1. e4 e6 2. d4 d5 3. e5 b6 4. Nf3 Bb7 5. Bd3 Nc6 6. c3 Qd7 7. O-O O-O-O 8. a4 a5
9. Na3 f6 10. exf6 Nxf6 11. Nb5 Bd6 12. Nxd6+ Qxd6 13. Re1 h6 14. Ne5 Rhf8 15.
b3 Nd7 16. Ba3 Nc5 17. Nxc6 Bxc6 18. dxc5 bxc5 19. Qe2 Bb7 20. Qxe6+ Qxe6 21.
Rxe6 Rf7 22. Bxc5 c6 23. Rae1 Rdd7 24. Bb6 1-0

[Event "AUTO-ADV-1927"]
[Site "http://www.queenalice.com/game.php?id=842987"]
[Date "2010.10.7"]
[Round "1"]
[White "Korchnoico"]
[Black "pikachu01"]
[Result "0-1"]
[WhiteElo "1661"]
[BlackElo "1798"]

1. d4 Nf6 2. e3 d5 3. Nc3 g6 4. Nf3 Bg7 5. Be2 O-O 6. O-O Nbd7 7. Bd2 Re8 8. a3
c6 9. h3 e5 10. dxe5 Nxe5 11. a4 Nxf3+ 12. Bxf3 Ne4 13. Bxe4 dxe4 14. f3 exf3
15. Rxf3 Bf5 16. e4 Bxe4 17. Nxe4 Rxe4 18. Re3 Rxe3 19. Bxe3 Qxd1+ 20. Rxd1 a6
21. Rd7 b5 22. axb5 axb5 23. Rc7 Bxb2 24. Rxc6 Ra4 25. Bh6 Rc4 26. Rxc4 bxc4 27.
Kf2 f5 28. g4 Kf7 29. gxf5 gxf5 30. Ke3 Ke6 31. h4 Kd5 32. Kf4 Bc1+ 33. Kxf5
Bxh6 0-1

[Event "AUTO-ADV-1927"]
[Site "http://www.queenalice.com/game.php?id=842988"]
[Date "2010.10.7"]
[Round "1"]
[White "pikachu01"]
[Black "Korchnoico"]
[Result "1-0"]
[WhiteElo "1772"]
[BlackElo "1656"]

1. e4 e6 2. d4 c5 3. Nf3 d5 4. e5 cxd4 5. Nxd4 Nc6 6. Be3 Nxe5 7. f4 Nc6 8. Be2
Bd6 9. O-O Nf6 10. Nb5 Bb8 11. N1c3 O-O 12. Nd4 Re8 13. f5 e5 14. Nxc6 bxc6 15.
Na4 d4 16. Bg5 h6 17. Bh4 Bd6 18. c3 Be7 19. cxd4 exd4 20. Rc1 Qd5 21. Bf3 Qxf5
22. Bxc6 Qa5 23. Bxe8 Nxe8 24. Bxe7 Bd7 25. Nc5 Bf5 26. Rxf5 Qxa2 27. Qxd4 Qa5
28. Rcf1 f6 29. Qd5+ Kh7 30. Qxa8 1-0

[Event "AUTO-ADV-1927"]
[Site "http://www.queenalice.com/game.php?id=842993"]
[Date "2010.10.7"]
[Round "1"]
[White "massimo"]
[Black "pikachu01"]
[Result "0-1"]
[WhiteElo "1763"]
[BlackElo "1783"]

1. e4 c5 2. c4 g6 3. Nf3 Bg7 4. Be2 Nc6 5. O-O d6 6. Nc3 Nf6 7. d3 O-O 8. Nh4
Nd4 9. f4 a6 10. Nd5 Nxe2+ 11. Qxe2 Nxd5 12. cxd5 e6 13. e5 Qxh4 14. g3 Qe7 15.
Qe4 dxe5 16. fxe5 exd5 17. Qe1 Qxe5 18. Qxe5 Bxe5 19. Rb1 Bf5 20. Rf3 Rfe8 21.
Bg5 c4 22. dxc4 Bxb1 23. cxd5 Bxb2 24. Rb3 Bd4+ 25. Kf1 Bxa2 26. Rxb7 Bxd5 27.
Rb4 Bc5 0-1

[Event "AUTO-ADV-1927"]
[Site "http://www.queenalice.com/game.php?id=842994"]
[Date "2010.10.7"]
[Round "1"]
[White "pikachu01"]
[Black "massimo"]
[Result "1-0"]
[WhiteElo "1754"]
[BlackElo "1794"]

1. e4 e5 2. Nf3 Nf6 3. Nxe5 Nxe4 4. Qe2 d5 5. d3 Bb4+ 6. c3 Bd6 7. Nxf7 Kxf7 8.
Qh5+ Ke6 9. dxe4 dxe4 10. Bc4+ Kd7 11. Qf5+ 1-0

[Event "AUTO-INT-1786"]
[Site "http://www.queenalice.com/game.php?id=884880"]
[Date "2011.1.12"]
[Round "2"]
[White "Vermelho"]
[Black "pikachu01"]
[Result "1-0"]
[WhiteElo "1697"]
[BlackElo "1848"]

1. e4 e6 2. Nc3 d5 3. Nf3 dxe4 4. Nxe4 Bd7 5. Bc4 Bc6 6. d3 Nf6 7. Nxf6+ Qxf6 8.
c3 Bxf3 9. Qxf3 Qxf3 10. gxf3 Nd7 11. Bf4 c6 12. O-O-O Nb6 13. Bb3 O-O-O 14. d4
Be7 15. Be5 Rhg8 16. Rhg1 g6 17. Bg3 c5 18. dxc5 Bxc5 19. f4 Rxd1+ 20. Rxd1 Rd8
21. Rxd8+ Kxd8 22. h4 Ke7 23. Bd1 1-0

[Event "AUTO-INT-1786"]
[Site "http://www.queenalice.com/game.php?id=884881"]
[Date "2011.1.12"]
[Round "2"]
[White "pikachu01"]
[Black "Vermelho"]
[Result "0-1"]
[WhiteElo "1872"]
[BlackElo "1673"]

1. e4 e5 2. d4 f6 3. dxe5 fxe5 4. Qh5+ Ke7 5. Qxe5+ Kf7 6. Bc4+ d5 7. Bxd5+ Qxd5
8. exd5 Nf6 9. Nf3 Bb4+ 10. c3 Re8 11. Qxe8+ Kxe8 12. cxb4 Bg4 13. Nc3 Bxf3 14.
gxf3 Nbd7 15. Bg5 h6 16. Bxf6 Nxf6 17. O-O-O c6 18. dxc6 bxc6 19. Rhe1+ Kf7 20.
Ne4 Nh5 21. Rd7+ Kg6 22. Ng3 Rf8 0-1

[Event "AUTO-INT-1786"]
[Site "http://www.queenalice.com/game.php?id=884882"]
[Date "2011.1.12"]
[Round "2"]
[White "Tal0n"]
[Black "pikachu01"]
[Result "1-0"]
[WhiteElo "1642"]
[BlackElo "1826"]

1. e4 e6 2. d4 d5 3. e5 c5 4. Bb5+ Bd7 5. Bxd7+ Qxd7 6. c3 Nc6 7. Nf3 Nge7 8.
Qd2 Ng6 9. O-O Be7 10. h4 Nxh4 11. Nxh4 Bxh4 12. g3 Be7 13. f4 O-O 14. a3 Na5
15. Qd1 c4 16. Rf2 Nb3 17. Ra2 f6 18. Nd2 Nxc1 19. Qxc1 fxe5 20. fxe5 Bg5 21.
Rxf8+ Rxf8 22. Qd1 Qf7 23. Ra1 Qf2+ 24. Kh1 Bxd2 25. Qg1 Qf5 26. Rf1 Qxf1 27.
Qxf1 Rxf1+ 28. Kg2 Rb1 29. Kf3 Rxb2 30. Ke2 Bxc3+ 31. Kd1 Bxd4 32. a4 c3 33. Kc1
c2 34. a5 Bxe5 35. g4 Bf4+ 36. Kxb2 1-0

[Event "AUTO-INT-1786"]
[Site "http://www.queenalice.com/game.php?id=884883"]
[Date "2011.1.12"]
[Round "2"]
[White "pikachu01"]
[Black "Tal0n"]
[Result "1-0"]
[WhiteElo "1864"]
[BlackElo "1667"]

1. e4 e5 2. f4 exf4 3. Nf3 d5 4. exd5 Qxd5 5. Nc3 Qe6+ 6. Be2 Qg4 7. O-O Bc5+ 8.
d4 Bd6 9. Ne5 Qe6 10. Bc4 Qf5 11. Nxf7 Qc5 12. dxc5 Bxc5+ 13. Kh1 Nc6 14. Nxh8
Ne5 15. Qe2 Bd6 16. Bxg8 Bg4 17. Qb5+ Ke7 18. Nd5+ Kf8 19. Bxf4 Kxg8 20. Bxe5
Bxe5 21. Nf7 Be6 22. Nxe5 Bxd5 23. Qxd5+ Kh8 24. Nf7+ Kg8 25. Nh6+ Kh8 26. Qg8+
Rxg8 27. Nf7# 1-0